000
00267nam a2200109Ia 4500
008
220204s9999 xx 000 0 und d
082
_a
025.3
_b
KNI
100
_a
Knight, Norman G
245
0
_a
Indexing, the art of
260
_a
London
_b
George Allen
_c
1979
942
_c
BK
999
_c
37076
_d
37076